OPAC Home

ළමා ජීවිත කථා (Record no. 95126)

MARC details
000 -LEADER
fixed length control field 00475nam a2200181Ia 4500
003 - CONTROL NUMBER IDENTIFIER
control field LK-CoDNM
005 - DATE AND TIME OF LATEST TRANSACTION
control field 20240316145942.0
008 - FIXED-LENGTH DATA ELEMENTS--GENERAL INFORMATION
fixed length control field 010623t1929 xxu||||| |||| 00| 1 sin d
040 ## - CATALOGING SOURCE
Original cataloging agency LK-CoDNM
Modifying agency LK-CoDNM
Description conventions LK-CoDNM
041 ## - LANGUAGE CODE
Language code of text/sound track or separate title Sinhala; Sinhalese
080 ## - UNIVERSAL DECIMAL CLASSIFICATION NUMBER
Universal Decimal Classification number 104 HH9
942 ## - ADDED ENTRY ELEMENTS (KOHA)
Koha item type Books
100 ## - MAIN ENTRY--PERSONAL NAME
Personal name Nandarathana thero,Tihagoda
245 ## - TITLE STATEMENT
Title ළමා ජීවිත කථා
246 ## - VARYING FORM OF TITLE
Title proper/short title Stories of Child Life
260 ## - PUBLICATION, DISTRIBUTION, ETC. (IMPRINT)
Name of publisher, distributor, etc. L.D.Luvis
Place of publication, distribution, etc. Kandy
Date of publication, distribution, etc. 1929
300 ## - PHYSICAL DESCRIPTION
Other physical details Damaged
Extent 52p.,22 cm
Holdings
Withdrawn status Lost status Damaged status Not for loan Collection code Permanent Location Current Location Date acquired Full call number Barcode Koha item type
        Monographs Library National Museum Colombo - Sri Lanka Library National Museum Colombo - Sri Lanka 2023-08-02 104 HH9 OB1752-14 Books
Copyright © 2023 Department of National Museum, Colombo 07, Sri Lanka Funded by UNESCO IFAP UNESCO